Statistical Yearbook of Greece 1985

Guardado en:
Detalles Bibliográficos
Formato: Libro
Lenguaje:inglés
Publicado: Athens National Statistical Service of Greece 1986
Edición:1. ed.
Etiquetas: Agregar Etiqueta
Sin Etiquetas, Sea el primero en etiquetar este registro!

MARC

LEADER 00000nam a2200000 4500
001 c026859
005 20221220072901.6
041 0 |a eng 
044 |a GR 
245 1 0 |a Statistical Yearbook of Greece 1985 
250 |a 1. ed. 
264 1 |a Athens  |b National Statistical Service of Greece  |c 1986 
300 |a 469 s.